000 00384 a2200157 4500
001 177811
020 _a
040 _cMagnum
100 _aGiovanni, Cristina Visconti
240 1 0 _aHistoria: compreender para aprender/7 serie
_lpor
245 1 0 _aHistoria: compreender para aprender/7 serie
362 0 _a1899
440 1 _aFTD
697 _aMAGNITO: PARADIDATICO
942 _cBK
999 _c177811
_d177811